000 00646nam a2200217 i 4500
001 98036
003 ES-MaACL
005 20230906182214.0
008 050721s1920 sp f |||| | spa d
100 1 _aRodin, Auguste.
_998144
245 1 0 _aAugusto Rodin /
_cRafael Marquina.
260 _aMadrid :
_bEstrella,
_c1920.
300 _a2 v. (34 p., lám.) ;
_c21 cm.
490 1 _aMonografías de arte.
_aEstrella
600 1 4 _aRodin, Auguste.
_998144
700 1 _aMarquina, Rafael.
_9139054
830 0 _aMonografías de arte.
_aEstrella
_9181422
852 _aES-MaACL
_jE-4392
852 _aES-MaACL
_jF-13934-35
999 _c98036
_d98036